| 000 | 00711agm a2200265 4500 | ||
|---|---|---|---|
| 005 | 20170614114043.0 | ||
| 008 | 150507b xxu||||| |||| 00| 0 spa d | ||
| 041 | _aspa | ||
| 082 | _a267 DVD | ||
| 245 | _aPacífico Sur Costa Rica | ||
| 260 | _aCosta Rica | ||
| 260 | _bMertec | ||
| 260 | _c1998 | ||
| 300 | _a48 minutos | ||
| 650 |
_aCOSTA RICA _943125 |
||
| 650 |
_aCORCOVADO _917347 |
||
| 650 |
_aPACÍFICO SUR _934927 |
||
| 650 |
_aPARQUE NACIONAL MARINO BALLENA _940912 |
||
| 650 |
_aTURISMO SOSTENIBLE _99369 |
||
| 650 |
_aBIODIVERSIDAD _91061 |
||
| 650 |
_aDESARROLLO SOSTENIBLE _91111 |
||
| 650 |
_aRECURSOS NATURALES _91141 |
||
| 650 |
_aHUMEDAL TÉRRABA SIERPE _943126 |
||
| 942 | _cDVD | ||
| 999 |
_c9561 _d9561 |
||